[Event "DEM U16w 2024"]
[Site "Willingen GER"]
[Date "2024.05.20"]
[Round "3"]
[White "Margaryan, Venera"]
[Black "Reich, Elisabeth"]
[Result "0-1"]
[Termination "normal"]
[Board "6"]
[WhiteElo "1774"]
[BlackElo "1799"]
[WhiteClock "00:01:47"]
[BlackClock "00:18:04"]
[PlyCount "146"]
[WhiteFideId "16266226"]
[BlackFideId "16239776"]
[EventCountry "GER"]
[EventRounds "9"]
[EventType "swiss"]
[EventDate "2024.05.18"]

1. d4 {[%clk 01:30:58]} {[%emt 00:00:01]} f5 {[%clk 01:30:58]} {[%emt
00:00:02]} 2. c4 {[%clk 01:31:00]} {[%emt 00:00:28]} e6 {[%clk 01:31:23]}
{[%emt 00:00:05]} 3. Nf3 {[%clk 01:31:09]} {[%emt 00:00:21]} Nf6 {[%clk
01:31:43]} {[%emt 00:00:11]} 4. Bg5 {[%clk 01:31:10]} {[%emt 00:00:29]} Be7
{[%clk 01:31:57]} {[%emt 00:00:14]} 5. Nc3 {[%clk 01:31:20]} {[%emt 00:00:20]}
d5 {[%clk 01:31:17]} {[%emt 00:01:10]} 6. e3 {[%clk 01:31:03]} {[%emt
00:00:47]} c6 {[%clk 01:31:28]} {[%emt 00:00:19]} 7. Qc2 {[%clk 01:27:39]}
{[%emt 00:03:55]} O-O {[%clk 01:31:15]} {[%emt 00:00:43]} 8. cxd5 {[%clk
01:26:10]} {[%emt 00:01:59]} exd5 {[%clk 01:31:28]} {[%emt 00:00:16]} 9. Bd3
{[%clk 01:26:14]} {[%emt 00:00:26]} Ne4 {[%clk 01:31:20]} {[%emt 00:00:37]} 10.
Bxe7 {[%clk 01:26:07]} {[%emt 00:00:39]} Qxe7 {[%clk 01:31:49]} {[%emt
00:00:02]} 11. O-O {[%clk 01:25:34]} {[%emt 00:01:01]} Nd7 {[%clk 01:31:15]}
{[%emt 00:01:02]} 12. Rab1 {[%clk 01:23:56]} {[%emt 00:02:12]} Ndf6 {[%clk
01:28:36]} {[%emt 00:03:06]} 13. Ne2 {[%clk 01:23:14]} {[%emt 00:01:13]} Bd7
{[%clk 01:24:02]} {[%emt 00:04:59]} 14. b4 {[%clk 01:21:27]} {[%emt 00:02:24]}
Be8 {[%clk 01:22:25]} {[%emt 00:02:02]} 15. b5 {[%clk 01:15:53]} {[%emt
00:06:08]} Rc8 {[%clk 01:20:55]} {[%emt 00:01:56]} 16. bxc6 {[%clk 01:15:52]}
{[%emt 00:00:34]} Rxc6 {[%clk 01:16:01]} {[%emt 00:05:23]} 17. Qb3 {[%clk
01:14:21]} {[%emt 00:02:02]} Rb6 {[%clk 01:13:31]} {[%emt 00:02:53]} 18. Qd1
{[%clk 01:12:24]} {[%emt 00:02:35]} Rxb1 {[%clk 01:12:52]} {[%emt 00:01:08]}
19. Qxb1 {[%clk 01:12:02]} {[%emt 00:00:52]} Bh5 {[%clk 01:09:44]} {[%emt
00:03:37]} 20. Rc1 {[%clk 01:00:41]} {[%emt 00:11:52]} Bxf3 {[%clk 01:05:34]}
{[%emt 00:04:40]} 21. gxf3 {[%clk 00:57:06]} {[%emt 00:04:05]} Nd2 {[%clk
01:05:24]} {[%emt 00:00:40]} 22. Qc2 {[%clk 00:51:59]} {[%emt 00:05:38]} Nxf3+
{[%clk 01:05:24]} {[%emt 00:00:29]} 23. Kh1 {[%clk 00:44:26]} {[%emt 00:08:03]}
Ne4 {[%clk 00:47:50]} {[%emt 00:18:03]} 24. Ng1 {[%clk 00:41:04]} {[%emt
00:03:53]} Nxg1 {[%clk 00:38:16]} {[%emt 00:10:05]} 25. Rxg1 {[%clk 00:40:56]}
{[%emt 00:00:38]} Qd7 {[%clk 00:34:46]} {[%emt 00:03:54]} 26. f3 {[%clk
00:34:25]} {[%emt 00:07:06]} Rc8 {[%clk 00:28:46]} {[%emt 00:06:27]} 27. Qg2
{[%clk 00:32:38]} {[%emt 00:02:20]} Nd6 {[%clk 00:28:49]} {[%emt 00:00:27]} 28.
Qd2 {[%clk 00:29:26]} {[%emt 00:03:43]} Qc6 {[%clk 00:26:21]} {[%emt 00:02:44]}
29. Qg2 {[%clk 00:28:14]} {[%emt 00:01:55]} Rc7 {[%clk 00:25:47]} {[%emt
00:01:04]} 30. Qg5 {[%clk 00:27:37]} {[%emt 00:01:07]} Qd7 {[%clk 00:24:13]}
{[%emt 00:02:02]} 31. e4 {[%clk 00:16:08]} {[%emt 00:12:01]} dxe4 {[%clk
00:21:15]} {[%emt 00:03:29]} 32. fxe4 {[%clk 00:12:58]} {[%emt 00:03:39]} fxe4
{[%clk 00:18:31]} {[%emt 00:03:14]} 33. Qd5+ {[%clk 00:12:47]} {[%emt
00:00:41]} Qf7 {[%clk 00:13:23]} {[%emt 00:05:37]} 34. Bxe4 {[%clk 00:10:52]}
{[%emt 00:02:26]} Nxe4 {[%clk 00:10:39]} {[%emt 00:03:14]} 35. Qxe4 {[%clk
00:11:17]} {[%emt 00:00:06]} Re7 {[%clk 00:10:54]} {[%emt 00:00:12]} 36. Qg2
{[%clk 00:09:46]} {[%emt 00:02:04]} Rd7 {[%clk 00:10:07]} {[%emt 00:01:15]} 37.
Rd1 {[%clk 00:08:36]} {[%emt 00:01:42]} Qh5 {[%clk 00:08:57]} {[%emt 00:01:34]}
38. Rd2 {[%clk 00:07:18]} {[%emt 00:01:53]} Qe8 {[%clk 00:05:55]} {[%emt
00:03:14]} 39. Re2 {[%clk 00:06:06]} {[%emt 00:02:01]} Qd8 {[%clk 00:03:42]}
{[%emt 00:02:40]} 40. Qe4 {[%clk 00:05:30]} {[%emt 00:01:08]} h6 {[%clk
00:02:57]} {[%emt 00:01:15]} 41. Qe8+ {[%clk 00:28:06]} {[%emt 00:07:55]} Qxe8
{[%clk 00:33:16]} {[%emt 00:00:11]} 42. Rxe8+ {[%clk 00:28:31]} {[%emt
00:00:05]} Kf7 {[%clk 00:33:40]} {[%emt 00:00:06]} 43. Re4 {[%clk 00:27:05]}
{[%emt 00:01:56]} Re7 {[%clk 00:32:52]} {[%emt 00:01:16]} 44. Rf4+ {[%clk
00:23:12]} {[%emt 00:04:25]} Ke6 {[%clk 00:32:47]} {[%emt 00:00:32]} 45. Kg2
{[%clk 00:19:01]} {[%emt 00:04:43]} Kd5 {[%clk 00:31:13]} {[%emt 00:02:01]} 46.
Kf3 {[%clk 00:18:30]} {[%emt 00:01:05]} Re6 {[%clk 00:29:01]} {[%emt 00:02:40]}
47. Rg4 {[%clk 00:16:50]} {[%emt 00:02:11]} g5 {[%clk 00:26:59]} {[%emt
00:02:30]} 48. h3 {[%clk 00:14:58]} {[%emt 00:02:24]} a6 {[%clk 00:26:14]}
{[%emt 00:01:14]} 49. h4 {[%clk 00:13:24]} {[%emt 00:02:05]} Rf6+ {[%clk
00:25:16]} {[%emt 00:01:27]} 50. Ke3 {[%clk 00:13:20]} {[%emt 00:00:35]} gxh4
{[%clk 00:20:02]} {[%emt 00:05:44]} 51. Rxh4 {[%clk 00:13:43]} {[%emt
00:00:07]} b5 {[%clk 00:19:52]} {[%emt 00:00:39]} 52. Rh5+ {[%clk 00:11:21]}
{[%emt 00:02:52]} Kd6 {[%clk 00:20:09]} {[%emt 00:00:12]} 53. Rc5 {[%clk
00:10:30]} {[%emt 00:01:19]} Rg6 {[%clk 00:19:49]} {[%emt 00:00:48]} 54. Rh5
{[%clk 00:09:10]} {[%emt 00:01:56]} Rg3+ {[%clk 00:19:39]} {[%emt 00:00:36]}
55. Kf4 {[%clk 00:08:49]} {[%emt 00:00:56]} Rg6 {[%clk 00:17:05]} {[%emt
00:03:01]} 56. Ke3 {[%clk 00:08:56]} {[%emt 00:00:25]} Kc6 {[%clk 00:16:28]}
{[%emt 00:01:01]} 57. Rc5+ {[%clk 00:06:44]} {[%emt 00:02:49]} Kb6 {[%clk
00:16:48]} {[%emt 00:00:08]} 58. Rh5 {[%clk 00:05:32]} {[%emt 00:01:43]} a5
{[%clk 00:16:36]} {[%emt 00:00:42]} 59. a3 {[%clk 00:03:35]} {[%emt 00:02:28]}
a4 {[%clk 00:16:05]} {[%emt 00:00:59]} 60. Kd3 {[%clk 00:03:23]} {[%emt
00:00:43]} Rf6 {[%clk 00:15:47]} {[%emt 00:00:48]} 61. Kc3 {[%clk 00:03:30]}
{[%emt 00:00:24]} Rf3+ {[%clk 00:16:10]} {[%emt 00:00:05]} 62. Kc2 {[%clk
00:02:17]} {[%emt 00:01:44]} Rxa3 {[%clk 00:16:14]} {[%emt 00:00:26]} 63. Rxh6+
{[%clk 00:02:44]} {[%emt 00:00:03]} Kc7 {[%clk 00:16:34]} {[%emt 00:00:08]} 64.
Rh5 {[%clk 00:02:36]} {[%emt 00:00:40]} Rb3 {[%clk 00:16:52]} {[%emt 00:00:10]}
65. Rc5+ {[%clk 00:02:40]} {[%emt 00:00:29]} Kd6 {[%clk 00:17:20]} {[%emt
00:00:01]} 66. Rc3 {[%clk 00:02:07]} {[%emt 00:01:03]} Rxc3+ {[%clk 00:15:52]}
{[%emt 00:01:59]} 67. Kxc3 {[%clk 00:02:34]} {[%emt 00:00:02]} Kd5 {[%clk
00:16:13]} {[%emt 00:00:10]} 68. Kb4 {[%clk 00:01:17]} {[%emt 00:01:47]} Kxd4
{[%clk 00:16:33]} {[%emt 00:00:09]} 69. Ka3 {[%clk 00:01:19]} {[%emt 00:00:27]}
Kc3 {[%clk 00:16:47]} {[%emt 00:00:16]} 70. Ka2 {[%clk 00:01:27]} {[%emt
00:00:23]} b4 {[%clk 00:17:02]} {[%emt 00:00:14]} 71. Ka1 {[%clk 00:01:25]}
{[%emt 00:00:33]} Kc2 {[%clk 00:17:18]} {[%emt 00:00:13]} 72. Ka2 {[%clk
00:01:24]} {[%emt 00:00:33]} b3+ {[%clk 00:17:42]} {[%emt 00:00:06]} 73. Ka3
{[%clk 00:01:47]} {[%emt 00:00:07]} b2 {[%clk 00:18:04]} {[%emt 00:00:07]} 0-1

[Event "DEM U16w 2024"]
[Site "Willingen GER"]
[Date "2024.05.20"]
[Round "3"]
[White "Wartenberg, Alissa"]
[Black "Moldovan, Stela"]
[Result "1-0"]
[Termination "normal"]
[Board "7"]
[WhiteElo "1820"]
[BlackElo "1755"]
[WhiteClock "00:05:30"]
[BlackClock "01:19:04"]
[PlyCount "147"]
[WhiteFideId "16280741"]
[BlackFideId "16287380"]
[EventCountry "GER"]
[EventRounds "9"]
[EventType "swiss"]
[EventDate "2024.05.18"]

1. e4 {[%clk 01:30:59]} {[%emt 05:39:22]} c6 {[%clk 01:30:50]} {[%emt
00:00:10]} 2. d4 {[%clk 01:31:23]} {[%emt 00:00:05]} d5 {[%clk 01:30:41]}
{[%emt 00:00:39]} 3. Nc3 {[%clk 01:31:26]} {[%emt 00:00:29]} dxe4 {[%clk
01:30:53]} {[%emt 00:00:18]} 4. Nxe4 {[%clk 01:31:51]} {[%emt 00:00:04]} Nf6
{[%clk 01:30:51]} {[%emt 00:00:32]} 5. Nxf6+ {[%clk 01:32:16]} {[%emt
00:00:05]} exf6 {[%clk 01:31:05]} {[%emt 00:00:16]} 6. c3 {[%clk 01:32:41]}
{[%emt 00:00:05]} Bf5 {[%clk 01:31:05]} {[%emt 00:00:29]} 7. Bf4 {[%clk
01:24:50]} {[%emt 00:08:21]} Bd6 {[%clk 01:31:00]} {[%emt 00:00:36]} 8. Bxd6
{[%clk 01:25:04]} {[%emt 00:00:17]} Qxd6 {[%clk 01:31:13]} {[%emt 00:00:16]} 9.
Bc4 {[%clk 01:21:16]} {[%emt 00:04:18]} O-O {[%clk 01:28:09]} {[%emt 00:03:34]}
10. Ne2 {[%clk 01:21:18]} {[%emt 00:00:28]} Nd7 {[%clk 01:28:04]} {[%emt
00:00:34]} 11. O-O {[%clk 01:21:15]} {[%emt 00:00:34]} Nb6 {[%clk 01:27:07]}
{[%emt 00:01:27]} 12. Bd3 {[%clk 01:16:27]} {[%emt 00:05:17]} Bxd3 {[%clk
01:26:34]} {[%emt 00:01:04]} 13. Qxd3 {[%clk 01:16:54]} {[%emt 00:00:03]} c5
{[%clk 01:26:18]} {[%emt 00:00:45]} 14. Qf3 {[%clk 01:16:44]} {[%emt 00:00:40]}
cxd4 {[%clk 01:24:59]} {[%emt 00:01:49]} 15. Nxd4 {[%clk 01:13:38]} {[%emt
00:03:36]} Qd5 {[%clk 01:25:07]} {[%emt 00:00:22]} 16. Qg4 {[%clk 01:13:32]}
{[%emt 00:00:37]} Qg5 {[%clk 01:24:37]} {[%emt 00:00:57]} 17. Qf3 {[%clk
01:12:30]} {[%emt 00:01:35]} Qd5 {[%clk 01:24:18]} {[%emt 00:00:47]} 18. Qg3
{[%clk 01:12:32]} {[%emt 00:00:29]} Qe5 {[%clk 01:24:15]} {[%emt 00:00:31]} 19.
f4 {[%clk 01:03:32]} {[%emt 00:09:33]} Qd5 {[%clk 01:23:20]} {[%emt 00:01:16]}
20. Qg4 {[%clk 00:56:20]} {[%emt 00:07:51]} Rfe8 {[%clk 01:18:25]} {[%emt
00:05:25]} 21. Rf3 {[%clk 00:50:56]} {[%emt 00:05:53]} Re4 {[%clk 01:17:19]}
{[%emt 00:01:27]} 22. Rd1 {[%clk 00:41:11]} {[%emt 00:10:26]} Rae8 {[%clk
01:14:39]} {[%emt 00:03:07]} 23. Rg3 {[%clk 00:32:22]} {[%emt 00:09:20]} g6
{[%clk 01:14:35]} {[%emt 00:00:34]} 24. Rh3 {[%clk 00:31:26]} {[%emt 00:01:26]}
Qd6 {[%clk 01:05:41]} {[%emt 00:09:15]} 25. Qh4 {[%clk 00:22:31]} {[%emt
00:09:35]} h5 {[%clk 01:05:42]} {[%emt 00:00:29]} 26. Rf1 {[%clk 00:18:06]}
{[%emt 00:04:54]} Qe7 {[%clk 01:04:55]} {[%emt 00:01:13]} 27. Nf5 {[%clk
00:16:17]} {[%emt 00:02:24]} Qc5+ {[%clk 01:02:40]} {[%emt 00:02:44]} 28. Nd4
{[%clk 00:16:23]} {[%emt 00:00:25]} Qe7 {[%clk 01:02:33]} {[%emt 00:00:36]} 29.
Rhf3 {[%clk 00:13:32]} {[%emt 00:03:22]} Nc4 {[%clk 01:01:44]} {[%emt
00:01:18]} 30. Qf2 {[%clk 00:10:28]} {[%emt 00:03:34]} Re1 {[%clk 01:00:41]}
{[%emt 00:01:33]} 31. f5 {[%clk 00:08:22]} {[%emt 00:02:36]} Rxf1+ {[%clk
01:00:29]} {[%emt 00:00:43]} 32. Kxf1 {[%clk 00:08:42]} {[%emt 00:00:09]} Ne3+
{[%clk 00:59:15]} {[%emt 00:01:44]} 33. Kg1 {[%clk 00:07:45]} {[%emt 00:01:28]}
Ng4 {[%clk 00:58:58]} {[%emt 00:00:46]} 34. Qf1 {[%clk 00:05:21]} {[%emt
00:02:54]} Qe1 {[%clk 00:59:06]} {[%emt 00:00:21]} 35. h3 {[%clk 00:03:29]}
{[%emt 00:02:23]} Qd2 {[%clk 00:56:31]} {[%emt 00:02:55]} 36. Rd3 {[%clk
00:01:36]} {[%emt 00:02:33]} Qxd3 {[%clk 00:56:09]} {[%emt 00:00:52]} 37. Qxd3
{[%clk 00:02:01]} {[%emt 00:00:06]} Re1+ {[%clk 00:56:33]} {[%emt 00:00:06]}
38. Qf1 {[%clk 00:02:25]} {[%emt 00:00:06]} Rxf1+ {[%clk 00:56:54]} {[%emt
00:00:09]} 39. Kxf1 {[%clk 00:02:53]} {[%emt 00:00:02]} Ne3+ {[%clk 00:57:03]}
{[%emt 00:00:20]} 40. Kg1 {[%clk 00:02:25]} {[%emt 00:00:58]} Nd1 {[%clk
00:56:36]} {[%emt 00:00:57]} 41. Nb5 {[%clk 00:02:40]} {[%emt 00:00:15]} a6
{[%clk 00:56:56]} {[%emt 00:00:11]} 42. Nd6 {[%clk 00:03:04]} {[%emt 00:00:06]}
b6 {[%clk 00:56:29]} {[%emt 00:00:56]} 43. Ne8 {[%clk 00:01:14]} {[%emt
00:02:20]} Nxb2 {[%clk 00:56:28]} {[%emt 00:00:31]} 44. fxg6 {[%clk 00:29:18]}
{[%emt 00:02:26]} fxg6 {[%clk 01:26:43]} {[%emt 00:00:15]} 45. Nxf6+ {[%clk
00:29:44]} {[%emt 00:00:04]} Kg7 {[%clk 01:26:33]} {[%emt 00:00:36]} 46. Nd5
{[%clk 00:27:04]} {[%emt 00:03:14]} b5 {[%clk 01:26:20]} {[%emt 00:00:43]} 47.
Kf2 {[%clk 00:24:43]} {[%emt 00:02:51]} a5 {[%clk 01:22:33]} {[%emt 00:04:18]}
48. Ke2 {[%clk 00:23:21]} {[%emt 00:01:51]} Nc4 {[%clk 01:21:39]} {[%emt
00:01:24]} 49. Nc7 {[%clk 00:22:53]} {[%emt 00:00:58]} Nd6 {[%clk 01:21:35]}
{[%emt 00:00:35]} 50. Kd3 {[%clk 00:18:59]} {[%emt 00:04:23]} Kf7 {[%clk
01:20:39]} {[%emt 00:01:21]} 51. Kd4 {[%clk 00:17:22]} {[%emt 00:02:13]} Nf5+
{[%clk 01:19:34]} {[%emt 00:01:31]} 52. Ke4 {[%clk 00:16:53]} {[%emt 00:01:02]}
Nd6+ {[%clk 01:17:44]} {[%emt 00:02:19]} 53. Kd5 {[%clk 00:16:07]} {[%emt
00:01:17]} Ke7 {[%clk 01:18:00]} {[%emt 00:00:13]} 54. Kc6 {[%clk 00:15:46]}
{[%emt 00:00:53]} b4 {[%clk 01:17:07]} {[%emt 00:01:23]} 55. cxb4 {[%clk
00:15:51]} {[%emt 00:00:25]} axb4 {[%clk 01:17:32]} {[%emt 00:00:05]} 56. Nd5+
{[%clk 00:16:08]} {[%emt 00:00:12]} Ke6 {[%clk 01:17:18]} {[%emt 00:00:44]} 57.
Nxb4 {[%clk 00:02:00]} {[%emt 00:14:39]} Nc4 {[%clk 01:17:08]} {[%emt
00:00:34]} 58. Nd3 {[%clk 00:01:14]} {[%emt 00:01:21]} g5 {[%clk 01:16:59]}
{[%emt 00:00:39]} 59. a4 {[%clk 00:01:00]} {[%emt 00:00:45]} Na5+ {[%clk
01:17:07]} {[%emt 00:00:22]} 60. Kb5 {[%clk 00:01:14]} {[%emt 00:00:16]} Nb7
{[%clk 01:15:55]} {[%emt 00:01:40]} 61. Nc5+ {[%clk 00:01:38]} {[%emt
00:00:07]} Nxc5 {[%clk 01:16:05]} {[%emt 00:00:20]} 62. Kxc5 {[%clk 00:01:58]}
{[%emt 00:00:11]} g4 {[%clk 01:16:02]} {[%emt 00:00:33]} 63. a5 {[%clk
00:01:40]} {[%emt 00:00:48]} Kf5 {[%clk 01:15:30]} {[%emt 00:01:02]} 64. a6
{[%clk 00:01:49]} {[%emt 00:00:21]} gxh3 {[%clk 01:15:39]} {[%emt 00:00:20]}
65. gxh3 {[%clk 00:02:13]} {[%emt 00:00:06]} Kf4 {[%clk 01:15:59]} {[%emt
00:00:10]} 66. a7 {[%clk 00:02:33]} {[%emt 00:00:10]} Kg3 {[%clk 01:16:27]}
{[%emt 00:00:02]} 67. a8=Q {[%clk 00:02:53]} {[%emt 00:00:11]} Kxh3 {[%clk
01:16:54]} {[%emt 00:00:02]} 68. Qh1+ {[%clk 00:03:17]} {[%emt 00:00:06]} Kg4
{[%clk 01:17:15]} {[%emt 00:00:10]} 69. Kd4 {[%clk 00:03:40]} {[%emt 00:00:07]}
h4 {[%clk 01:17:41]} {[%emt 00:00:03]} 70. Ke4 {[%clk 00:04:02]} {[%emt
00:00:08]} Kg3 {[%clk 01:17:56]} {[%emt 00:00:15]} 71. Ke3 {[%clk 00:04:19]}
{[%emt 00:00:13]} h3 {[%clk 01:18:18]} {[%emt 00:00:09]} 72. Qg1 {[%clk
00:04:41]} {[%emt 00:00:08]} Kh4 {[%clk 01:18:42]} {[%emt 00:00:06]} 73. Kf4
{[%clk 00:05:05]} {[%emt 00:00:06]} h2 {[%clk 01:19:04]} {[%emt 00:00:08]} 74.
Qxh2 {[%clk 00:05:30]} {[%emt 00:00:04]} 1-0

[Event "DEM U16w 2024"]
[Site "Willingen GER"]
[Date "2024.05.20"]
[Round "3"]
[White "Hasselmann, Isabelle Sophia"]
[Black "Bursan, Ana-Maria"]
[Result "1/2-1/2"]
[Termination "normal"]
[Board "8"]
[WhiteElo "1655"]
[BlackElo "1715"]
[WhiteClock "00:45:27"]
[BlackClock "00:25:58"]
[PlyCount "83"]
[WhiteFideId "16266951"]
[BlackFideId "34620150"]
[EventCountry "GER"]
[EventRounds "9"]
[EventType "swiss"]
[EventDate "2024.05.18"]

1. d4 {[%clk 01:30:58]} d5 {[%clk 01:30:55]} {[%emt 00:00:06]} 2. Nf3 {[%clk
01:31:22]} {[%emt 00:00:06]} Nf6 {[%clk 01:30:57]} {[%emt 00:00:27]} 3. e3
{[%clk 01:31:47]} {[%emt 00:00:06]} Bf5 {[%clk 01:30:20]} {[%emt 00:01:06]} 4.
c4 {[%clk 01:31:31]} {[%emt 00:00:47]} e6 {[%clk 01:29:03]} {[%emt 00:01:47]}
5. Nc3 {[%clk 01:31:12]} {[%emt 00:00:49]} c6 {[%clk 01:26:45]} {[%emt
00:02:47]} 6. Be2 {[%clk 01:29:55]} {[%emt 00:01:47]} Bd6 {[%clk 01:22:35]}
{[%emt 00:04:40]} 7. O-O {[%clk 01:28:48]} {[%emt 00:01:38]} Qc7 {[%clk
01:18:51]} {[%emt 00:04:14]} 8. h3 {[%clk 01:27:35]} {[%emt 00:01:43]} Nbd7
{[%clk 01:16:01]} {[%emt 00:03:20]} 9. Bd2 {[%clk 01:26:46]} {[%emt 00:01:20]}
Ne4 {[%clk 01:07:27]} {[%emt 00:09:03]} 10. Rc1 {[%clk 01:14:39]} {[%emt
00:12:38]} O-O {[%clk 01:00:16]} {[%emt 00:07:40]} 11. cxd5 {[%clk 01:11:09]}
{[%emt 00:04:00]} Nxc3 {[%clk 00:59:28]} {[%emt 00:01:19]} 12. bxc3 {[%clk
01:11:21]} {[%emt 00:00:17]} exd5 {[%clk 00:58:29]} {[%emt 00:01:29]} 13. c4
{[%clk 01:10:33]} {[%emt 00:01:19]} dxc4 {[%clk 00:51:10]} {[%emt 00:07:48]}
14. Bxc4 {[%clk 01:10:37]} {[%emt 00:00:26]} Nb6 {[%clk 00:50:37]} {[%emt
00:01:03]} 15. Bb3 {[%clk 01:10:10]} {[%emt 00:00:57]} Rad8 {[%clk 00:45:45]}
{[%emt 00:05:22]} 16. d5 {[%clk 01:05:52]} {[%emt 00:04:48]} Ba3 {[%clk
00:41:40]} {[%emt 00:04:35]} 17. Rc3 {[%clk 01:04:27]} {[%emt 00:01:55]} Bb2
{[%clk 00:38:32]} {[%emt 00:03:37]} 18. Rc5 {[%clk 01:01:39]} {[%emt 00:03:18]}
Nxd5 {[%clk 00:35:15]} {[%emt 00:03:48]} 19. Qe2 {[%clk 00:56:02]} {[%emt
00:06:07]} Ba3 {[%clk 00:29:28]} {[%emt 00:06:17]} 20. Ra5 {[%clk 00:53:18]}
{[%emt 00:03:14]} Qe7 {[%clk 00:21:11]} {[%emt 00:08:46]} 21. Nd4 {[%clk
00:46:26]} {[%emt 00:07:23]} Bc8 {[%clk 00:17:09]} {[%emt 00:04:31]} 22. Rxa7
{[%clk 00:45:00]} {[%emt 00:01:57]} Bc5 {[%clk 00:16:57]} {[%emt 00:00:42]} 23.
Nxc6 {[%clk 00:28:44]} {[%emt 00:16:46]} Qd6 {[%clk 00:13:20]} {[%emt
00:04:07]} 24. Nxd8 {[%clk 00:28:18]} {[%emt 00:00:56]} Bxa7 {[%clk 00:12:46]}
{[%emt 00:01:04]} 25. Nxf7 {[%clk 00:27:51]} {[%emt 00:00:57]} Rxf7 {[%clk
00:07:41]} {[%emt 00:05:35]} 26. e4 {[%clk 00:28:02]} {[%emt 00:00:19]} Bb8
{[%clk 00:05:46]} {[%emt 00:02:26]} 27. f4 {[%clk 00:26:40]} {[%emt 00:01:51]}
Be6 {[%clk 00:04:31]} {[%emt 00:01:45]} 28. exd5 {[%clk 00:25:33]} {[%emt
00:01:37]} Bxd5 {[%clk 00:04:02]} {[%emt 00:00:59]} 29. Bxd5 {[%clk 00:24:56]}
{[%emt 00:01:06]} Qxd5 {[%clk 00:04:27]} {[%emt 00:00:06]} 30. a3 {[%clk
00:22:14]} {[%emt 00:03:12]} Qc5+ {[%clk 00:03:52]} {[%emt 00:01:05]} 31. Qe3
{[%clk 00:21:19]} {[%emt 00:01:25]} Ba7 {[%clk 00:04:05]} {[%emt 00:00:17]} 32.
Qxc5 {[%clk 00:19:09]} {[%emt 00:02:40]} Bxc5+ {[%clk 00:04:28]} {[%emt
00:00:07]} 33. Kh2 {[%clk 00:18:30]} {[%emt 00:01:08]} Bxa3 {[%clk 00:04:20]}
{[%emt 00:00:38]} 34. Rb1 {[%clk 00:18:23]} {[%emt 00:00:38]} Rd7 {[%clk
00:03:42]} {[%emt 00:01:08]} 35. Bb4 {[%clk 00:18:18]} {[%emt 00:00:36]} Bxb4
{[%clk 00:03:39]} {[%emt 00:00:33]} 36. Rxb4 {[%clk 00:18:44]} {[%emt
00:00:03]} Kf7 {[%clk 00:03:47]} {[%emt 00:00:22]} 37. Kg1 {[%clk 00:18:30]}
{[%emt 00:00:43]} Kf6 {[%clk 00:03:23]} {[%emt 00:00:55]} 38. Kf2 {[%clk
00:18:32]} {[%emt 00:00:28]} Rc7 {[%clk 00:02:45]} {[%emt 00:01:08]} 39. Kf3
{[%clk 00:18:38]} {[%emt 00:00:23]} h6 {[%clk 00:02:18]} {[%emt 00:00:57]} 40.
Ke4 {[%clk 00:17:56]} {[%emt 00:01:13]} Ke6 {[%clk 00:01:04]} {[%emt 00:01:43]}
41. f5+ {[%clk 00:16:32]} {[%emt 00:01:54]} Kf6 {[%clk 00:25:58]} {[%emt
00:05:36]} 42. g4 {[%clk 00:45:27]} {[%emt 00:01:35]} 1/2-1/2